000
00334nam a2200145Ia 4500
100
_a
Palani/S/ Jairath/A.K
650
_a
Control system
942
_c
BK
366
_f
20
245
_a
Automatic control systems including MATLAB
260
_b
Ane Books
_c
2013
082
_a
629.8
_b
PAL
546
_a
ENGLISH
_c
Info.Tech
999
_c
30562
_d
30562